| 000 | 00754nam a22001817a 4500 | ||
|---|---|---|---|
| 008 | 230628s2021 xxk|||||o|||| 00| 0 eng d | ||
| 041 | _aeng | ||
| 110 | _aRoyal Institution of Chartered Surveyors | ||
| 245 |
_aStandards & Regulation Board terms of reference _h[Electronic resource] |
||
| 260 |
_aLondon, _bRoyal Institution of Chartered Surveyors, _cDecember 2021 |
||
| 300 | _a4p. | ||
| 520 | _aOutlines the the role and remit of the Standards and Regulation Board | ||
| 651 | _aUnited Kingdom | ||
| 690 |
_96277 _aRICS |
||
| 710 | _aRoyal Institution of Chartered Surveyors | ||
| 856 |
_uhttps://www.rics.org/content/dam/ricsglobal/documents/latest-news/Standards_And_Regulation_Board_Terms_Of_Reference.pdf _zAvailable on RICS.org |
||
| 942 | _n0 | ||
| 999 |
_c121561 _d121561 |
||